| 000 | 00333nam a22001337a 4500 | ||
|---|---|---|---|
| 020 | _a978-1-4052-4387-2 | ||
| 082 |
_a823 _bBLY/N |
||
| 100 | _aENID BLYTON | ||
| 245 | _aTHE NEW ADVENTURES OF THE WISHING CHAIR | ||
| 260 |
_aGREAT BRITAIN _bEGMONT _c2009 |
||
| 300 | _a115 | ||
| 650 |
_aCHILDREN'S STORY BOOK _zUNITED KINGDOM |
||
| 942 | _cBK | ||
| 999 |
_c143 _d143 |
||